John C. Reilly Movies Quiz Stats

 Plays Quiz Updated May 24, 2019

Score 0/60 Timer 08:00
2 Plays Today
Year Movie Title % Correct
2008Step Brothers
85.4%
2012Wreck-It Ralph
74.4%
2006Talladega Nights: The Ballad of Ricky Bobby
70.9%
2018Ralph Breaks the Internet
67.4%
2007Walk Hard: The Dewey Cox Story
65.1%
2018Holmes & Watson
62.2%
1997Boogie Nights
47%
2002Chicago
45.8%
2002Gangs of New York
35.2%
1999Magnolia
31.9%
20099
31%
2018Stan & Ollie
30.4%
2014Guardians of the Galaxy
28.4%
2018The Sisters Brothers
24.3%
2000The Perfect Storm
19.4%
1996Hard Eight
18.3%
2004The Aviator
16.6%
1998The Thin Red Line
16.6%
1989Casualties of War
13.8%
2002The Hours
13.5%
1999For Love of the Game
13%
2010Cyrus
12.9%
1990Days of Thunder
12.8%
2017Kong: Skull Island
12.3%
2002The Good Girl
12%
1993What's Eating Gilbert Grape
11.5%
1994The River Wild
11.2%
2011We Need to Talk About Kevin
11.1%
2009Cirque Du Freak: The Vampire's Assistant
10.4%
1999Never Been Kissed
9.7%
Year Movie Title % Correct
2011Cedar Rapids
9.3%
2011Carnage
9.3%
2015The Lobster
8.6%
2017The Little Hours
7.5%
2008The Promotion
7.3%
2012Tim and Eric's Billion Dollar Movie
7%
2016Sing
6.7%
2005Dark Water
6.3%
1989We're No Angels
6.1%
2006A Prairie Home Companion
6.1%
1990State of Grace
6.1%
2011Terri
5.4%
2015Tale of Tales
5.3%
1992Hoffa
5.2%
2004Criminal
5.1%
1995Dolores Claiborne
5%
1992Shadows and Fog
4.8%
2014Life After Beth
4.7%
2007Year of the Dog
4.5%
2001The Anniversary Party
4.4%
2010The Extra Man
3.6%
1995Georgia
3.5%
2014When Marnie Was There
3.2%
1996Boys
2.9%
1992Out on a Limb
2.7%
1999The Settlement
2.6%
2015Entertainment
2.5%
2015Les Cowboys
2.3%
1998Hellcab
2.2%
2015View from a Blue Moon
1.8%

You're not logged in!

Compare scores with friends on all Sporcle quizzes.
OR
Log In

Sporcle TV

Today on Sporcle TV


Watch our educational content, quiz creation guides, and fun videos on Sporcle TV.

Show Comments

Extras

Top Quizzes Today


Score Distribution

Your Account Isn't Verified!

In order to create a playlist on Sporcle, you need to verify the email address you used during registration. Go to your Sporcle Settings to finish the process.

Report this User

Report this user for behavior that violates our Community Guidelines.

Details: